| 000 | 00381nam a2200145Ia 4500 | ||
|---|---|---|---|
| 008 | 231129s1977||||xx |||||||||||||| ||spa|| | ||
| 020 | _a84-254-0123-2 | ||
| 040 | _bspa | ||
| 082 | _a190.9 V544h | ||
| 100 | _aVerneaux Roger | ||
| 245 | 0 | _aHistoria de la filosofáa contemporánea | |
| 260 | _c1977 | ||
| 264 | _aHerder | ||
| 942 |
_2ddc _cBKS |
||
| 999 |
_c15116 _d15116 |
||